| 000 | 01168nam0a2200349 i 4500 | ||
|---|---|---|---|
| 001 | RU\NLR\BIBL_A\012509692 | ||
| 005 | 20260406005914.0 | ||
| 010 |
_a9785437003107 _93000 |
||
| 021 |
_aRU _b2020-83234 _9КН-П-6317 |
||
| 035 | _a(RuMoRGB)010532704 | ||
| 035 | _a(NLR Aleph) 012509692 | ||
| 090 |
_a12268392 _c12268392 |
||
| 100 | _a20210423d2020 dm y0rusy50 ca | ||
| 101 | 1 |
_arus _ceng |
|
| 102 | _aRU | ||
| 105 | _ay|||z|||000ay | ||
| 181 | 0 |
_ai _baxxe |
|
| 182 | 0 | _an | |
| 200 | 1 |
_aДающий _e[для среднего и старшего школьного возраста] _fЛоис Лоури _g[перевод с английского Анны Шур] |
|
| 203 |
_aТекст _bвизуальный _cнепосредственный |
||
| 210 |
_aМосква _cРозовый жираф _d2020 |
||
| 215 |
_a195, [5] с. _d22 |
||
| 225 | 1 | _aМиры "Дающего" | |
| 333 | _a12+ | ||
| 686 | 0 | _aШ9(7США)62-4 | |
| 700 | 1 |
_aЛоури _bЛ. _f1937- _gЛоис _3RU\NLR\AUTH\77115378 _998303 |
|
| 942 | _cBOOK | ||
| 980 | _aNBR | ||